| 000 | 01606nam0a2200409 4500 | ||
|---|---|---|---|
| 001 | RU\NLR\bibl\1719433 | ||
| 005 | 20260405161708.0 | ||
| 010 |
_a978-5-4215-1362-9 _bПолиграфиздат _94000 |
||
| 010 |
_a978-5-17-067807-5 _bАСТ |
||
| 010 |
_a978-5-271-30650-1 _bАстрель |
||
| 021 |
_aRU _b2010-95224 _96422 |
||
| 035 | _a(nilc)RSL-KNO-004837979 | ||
| 035 | _a(LIBNET)IZD\AST\2007\1018038 | ||
| 035 | _a(NLR Aleph) 001710434 | ||
| 090 |
_a1276733 _c1276733 |
||
| 100 | _a20101029d2010 |||y0rusy50 ca | ||
| 101 | 0 | _arus | |
| 102 | _aRU | ||
| 105 | _aa zzzz||||| | ||
| 200 | 1 |
_aСистемный властелин _e[фантастический роман] _fСергей Слюсаренко _g[худож.: Е. Деко] |
|
| 210 |
_aМосква _cАСТ [и др.] _d2010 |
||
| 215 |
_a350, [1] с. _cил. _d21 |
||
| 225 | 1 |
_aЗвездный лабиринт _eЗЛ |
|
| 327 | 1 | _aСодерж.: Системный властелин; Ночь человека; Крик трясогузки; Дом, который... | |
| 686 |
_aШ5(2=Р)75-644.5 _2rubbk |
||
| 686 | _aШ6(2=Р)8-445 | ||
| 700 | 1 |
_aСлюсаренко _bС. _f1955- _gСергей _4070 |
|
| 702 | 1 |
_4040 _8rus _7ca _aДеко _bЕ. _cхудожник _f1968- _gЕвгений _3RU\NLR\auth\7768115 _951043 |
|
| 801 | 0 |
_aRU _bЛИБНЕТ _c20101029 _gRCR |
|
| 801 | 1 |
_aRU _bЛИБНЕТ _c20101029 |
|
| 801 | 2 |
_aRU _bЦУНБ Москва _c20101222 _gRCR |
|
| 801 | 1 |
_aRU _bRuMoRGB _c20101029 |
|
| 801 | 2 |
_aRU _bNLR _c20101227 _grcr |
|
| 942 | _cBOOK | ||
| 980 | _aNB | ||